Statistics for 2020 NFL Stat Leaders

Click here to take the quiz!

General Stats

  • This quiz has been taken 51 times
  • The average score is 13 of 18

Answer Stats

HintAnswer% Correct
Pass Yds/GamePatrick Mahomes
94%
Passing TDAaron Rodgers
92%
Passer RatingAaron Rodgers
92%
Rush Yds/GameDerrick Henry
92%
TouchesDerrick Henry
92%
Rushing YardsDerrick Henry
92%
Rushing TDDerrick Henry
92%
Receiving YardsStefon Diggs
83%
ReceptionsStefon Diggs
83%
TFLT.J. Watt
79%
SacksT.J. Watt
79%
Receiving TDDavante Adams
71%
Receiving Yds/GameDavante Adams
71%
Passing YardsDeshaun Watson
67%
InterceptionsXavien Howard
56%
Total TD(Any Position Player)Alvin Kamara
48%
Passes CompletedMatt Ryan
40%
TacklesZach Cunningham
25%

Score Distribution

Percentile by Number Answered

Percent of People with Each Score

Your Score History

You have not taken this quiz